000 00312nam a22001337a 4500
008 181101b xxu||||| |||| 00| 0 eng d
020 _a9781412950800
041 _aeng
080 _a658
100 _a54
101 _aLID
245 _aHuman Behavior in the Social Environment
_cAlexander,R
942 _2udc
_cBK
999 _c51457
_d51457